Gaining Control: Capacity Management and Scheduling (Record no. 909)
[ view plain ]
| 000 -LEADER | |
|---|---|
| fixed length control field | 00392cam a22001333 4500 |
| 001 - CONTROL NUMBER | |
| control field | FRBNF351099550000003 |
| 003 - CONTROL NUMBER IDENTIFIER | |
| control field | http://catalogue.bnf.fr/ark:/12148/cb351099555 |
| 005 - DATE AND TIME OF LATEST TRANSACTION | |
| control field | 20241108155936.0 |
| 008 - FIXED-LENGTH DATA ELEMENTS--GENERAL INFORMATION | |
| fixed length control field | 241108b |||||||| |||| 00| 0 eng d |
| 020 ## - INTERNATIONAL STANDARD BOOK NUMBER | |
| International Standard Book Number | FR |
| 100 ## - MAIN ENTRY--PERSONAL NAME | |
| Personal name | 19710101d1963 m y0frey50 ba |
| 245 ## - TITLE STATEMENT | |
| Title | Gaining Control: Capacity Management and Scheduling |
| 942 ## - ADDED ENTRY ELEMENTS (KOHA) | |
| Source of classification or shelving scheme | Library of Congress Classification |
| Koha item type | Books |
| Suppress in OPAC | No |
| 999 ## - | |
| -- | 909 |
| -- | 909 |
| Withdrawn status | Lost status | Source of classification or shelving scheme | Damaged status | Not for loan | Collection | Home library | Current library | Shelving location | Date acquired | Total checkouts | Full call number | Barcode | Date last seen | Copy number | Price effective from | Koha item type |
|---|---|---|---|---|---|---|---|---|---|---|---|---|---|---|---|---|
| Library of Congress Classification | Non-fiction | Undergraduate Library (Christ Temple) | Undergraduate Library (Christ Temple) | General stacks | 11/08/2024 | TS 157.5 COR | ulct00000229 | 11/08/2024 | 1 | 11/08/2024 | Books | |||||
| Library of Congress Classification | Non-fiction | Undergraduate Library (Christ Temple) | Undergraduate Library (Christ Temple) | General stacks | 11/08/2024 | TS 157.5 COR | ulct00000230 | 11/08/2024 | 2 | 11/08/2024 | Books |